000 01139cam a22002174a 4500
005 20250605164000.0
008 250528s ||||||||||||||||||||||||d
035 _a15587
020 _a13272295
040 _aGR-AtMCL
_bgre
_dGR-AtMCL
_eAACR2
245 1 _aJava by Example / Second Edition
250 _a2nd
260 _bSunsoft Press,
_c1997
300 _a406
520 _aIf you are an experienced programmer, Java by Example is the quickest way to learn Java. Working with the Java Language, About Java, Beginning with a Program, The Java Language Structure, Memory and Constructors, Interfaces as Types, Arrays, Exception Handling, Input/ Output, Runtime Typing and Class Loading and Native Methods, Multiple Threads of Execution, Putting the Language Pieces Together, Remote Method Invocation, Java Database Connectivity, Writing Java Applets, Introduction to Applets, Events and Threads in Applets, Forms in Applets, Animation in Applets, Putting the Applet Pieces Together, Appendixes, Index.
700 1 _aJackson Jerry R
_91545
700 1 _aMccleian Alan L
_91546
942 _cBK
999 _c1157
_d1157